Terraria QoL Mod NPCs - Statistics

General Stats
  • This quiz has been taken 8 times
  • The average score is 7 of 13
Answer Stats
Answer % Correct
Mutant
100%
Alchemist
88%
Brewer
88%
Young Brewer
75%
Abominationn
50%
Deviantt
50%
Automaton
38%
Jeweler
38%
LumberJack
38%
Squirrel
38%
Musician
25%
Operator
25%
Architect
13%
No matching quizzes found
Score Distribution
Percent of People with Each Score
Percentile by Number Answered
Your Score History
You have not taken this quiz